Formuła 1 - składy zespołów 2017 - Statystyki

Ogólne statystyki
  • Ten quiz został rozwiązany 127 razy
  • Średni wynik to 21 z 26
Statystyki odpowiedzi
Zespół Kraj Kierowca Rundy % Poprawnych
Finlandia Kimi Raikkonen
100%
Mercedes W.Brytania Lewis Hamilton
99%
Ferrari Niemcy Sebastian Vettel
99%
Finlandia Valtteri Bottas
99%
Holandia Max Verstappen
97%
Force India Meksyk Sergio Perez
97%
Red Bull Australia Daniel Ricciardo
96%
Hiszpania Carlos Sainz 17-20
93%
Hiszpania Carlos Sainz 1-16
93%
Francja Esteban Ocon
92%
McLaren Hiszpania Fernando Alonso 1-5, 7-20
92%
Dania Kevin Magnussen
91%
Kanada Lance Stroll
90%
Renault Niemcy Nico Hulkenberg
90%
Toro Rosso Rosja Daniil Kvyat 1-14, 17
88%
Haas Francja Romain Grosjean
88%
Francja Pierre Gasly 15-16, 18-20
87%
Williams Brazylia Felipe Massa 1-10, 12-20
81%
Sauber Szwecja Marcus Ericsson
67%
W.Brytania Jenson Button 6
64%
Belgia Stoffel Vandoorne
61%
Nowa Zelandia Brendon Hartley 17-20
54%
Włochy Antonio Giovinazzi 1-2
48%
W.Brytania Jolyon Palmer 1-16
47%
Niemcy Pascal Wehrlein 3-20
35%
W.Brytania Paul Di Resta 11
22%
Nie znaleziono quizów pasujących do podanych kryteriów
Rozkład punktacji
Procent ludzi z każdym wynikiem
Percentyl według liczby udzielonych odpowiedzi
Twoja historia wyników
Nie rozwiązałeś tego quizu